000 00921cam a22002531i 4500
003 SA-RiAUC
005 20251120124205.0
008 251005s1986 qa g 00000 ara c
040 _aSA-JeALM
_bara
_cSA-RiAUC
_erda
082 0 4 _a219.1
_qSA-RiAUC
090 _a219.1
_bد س و
100 1 _aالدسوقي، محمد
_eمؤلف.
245 1 0 _aمن قضايا الأسرة في التشريع الإسلامي /
_cمحمد الدسوقي.
250 _aالطبعة الأولى.
264 1 _aالدوحة :
_bدار الثقافة،
_c1986
300 _a244 صفحة ؛
_c24 سم
336 _aنص
_btxt
_2rdacontent
_3كتاب
337 _aبدون وسيط
_bn
_2rdamedia
338 _aمجلد
_bnc
_2rdacarrier
650 7 _aالأسرة في الإسلام
_2aucsh
650 7 _aالإسلام والإصلاح الاجتماعي
_2aucsh
942 _2ddc
_cBOOK
_n0
949 _aSA-JeALM
_d251005
_uosman123
_n1
999 _c13369
_d13369